• 首页
  • 本馆介绍
  • 公告通知
  • 最新文献
  • 馆藏检索
  • 电子资源
  • 读者导购
  • 参考咨询
  • 我的图书馆
  • 登录
  • 详细信息显示
  • 放入我的书架
  • 预约/预借图书
  • 作者相关作品
  • 分类相关作品
  • 丛书相关作品
  • 出版社相关作品

书目信息

  • 表格格式
  • 工作单格式
  • 卡片格式
题名:
数字逻辑基础与Verilog硬件描述语言
    
 
作者: 贾熹滨 , 王秀娟 , 魏坚华 编著
分册:  
出版信息: 北京   清华大学出版社  2016.02
页数: 289页
开本: 26cm
丛书名: 高等院校信息技术规划教材
单 册:
中图分类: TP302.2 , TP312
科图分类:
主题词: 数字逻辑--高等学校--教材 , 硬件描叙语言--程序设计--高等学校--教材
电子资源:
ISBN: 978-7-302-29097-1
000 01207nam0 2200313 450
001 688
005 20161101111314.39
010    @a978-7-302-29097-1@dCNY39.50
100    @a20120905d2016 em y0chiy50 ea
101 0  @achi
102    @aCN@b110000
105    @aak z 000yy
200 1  @a数字逻辑基础与Verilog硬件描述语言@9shu zi luo ji ji chu yu verilog ying jian miao shu yu yan@f贾熹滨,王秀娟,魏坚华编著
210    @a北京@c清华大学出版社@d2016.02
215    @a289页@c图表@d26cm
225 2  @a高等院校信息技术规划教材@9gao deng yuan xiao xin xi ji shu gui hua jiao cai
300    @a本科教材
330    @a本书内容分为三部分,包括数字逻辑的理论基础、组合电路的分析方法、序电路的分析方法、典型同步时序模块的应用方法等内容。
333    @a可作为计算机、互联网等专业的本科生教材,还可作为自习人员学习的参考书。
461  0 @12001 @a高等院校信息技术规划教材
606 0  @a数字逻辑@x高等学校@j教材
606 0  @a硬件描叙语言@x程序设计@x高等学校@j教材
690    @aTP302.2@v4
690    @aTP312@v4
701  0 @a贾熹滨@9jia xi bin@4编著
701  0 @a王秀娟@9wang xiu juan@4编著
701  0 @a魏坚华@9wei jian hua@4编著
801  0 @aCN@b唐山师范学院图书馆@c20160723
905    @aZUCC@dTP302.2@e628
    
    数字逻辑基础与Verilog硬件描述语言/贾熹滨,王秀娟,魏坚华编著.-北京:清华大学出版社,2016.02
    289页:图表;26cm.-(高等院校信息技术规划教材)
    本科教材.-使用对象:可作为计算机、互联网等专业的本科生教材,还可作为自习人员学习的参考书。
    
    ISBN 978-7-302-29097-1:CNY39.50
    本书内容分为三部分,包括数字逻辑的理论基础、组合电路的分析方法、序电路的分析方法、典型同步时序模块的应用方法等内容。
●
相关链接 在E读中查询图书 在五车中查询图书 在当当中查询图书 在豆瓣中查询图书


正题名:数字逻辑基础与Verilog硬件描述语言     索取号:TP302.2/628         预约/预借

序号 登录号 条形码 馆藏地/架位号 状态 备注
1 902984   209029843   第二样本阅览室/ [索取号:TP302.2/628] 在馆    
2 902985   209029852   第三借阅区/ [索取号:TP302.2/628] 在馆    
3 902986   209029861   第三借阅区/ [索取号:TP302.2/628] 在馆    
4 902987   209029870   密集书库—计算机科学学院/ [索取号:TP302.2/628] 在馆    
唐山师范学院图书馆 欢迎您!
大连网信软件有限公司© 版权所有